NYC Subway Stations (Harder Version) - Statistics

General Stats
  • This quiz has been taken 78 times
    76 since last reset
  • The average score is 331 of 700
Answer Stats
Service Station Transfers Borough Neighborhood % Correct
1 Times Square–42nd Street S, N, Q, R, W, 2, 3, 7 Manhattan Times Square
86%
2 Times Square–42nd Street S, N, Q, R, W, 1, 3, 7 Manhattan Times Square
86%
3 Times Square–42nd Street S, N, Q, R, W, 1, 2, 7 Manhattan Times Square
86%
7 Times Square–42nd Street S, N, Q, R, W, 1, 2, 3 Manhattan Times Square
86%
S Times Square–42nd Street N, Q, R, W, 1, 2, 3, 7 Manhattan Times Square
86%
N Times Square–42nd Street S, Q, R, W, 1, 2, 3, 7 Manhattan Times Square
86%
W Times Square–42nd Street S, N, Q, R, 1, 2, 3, 7 Manhattan Times Square
86%
1 14th Street/Sixth Avenue F, M, 2, 3, L Manhattan Chelsea
84%
2 14th Street/Sixth Avenue F, M, 1, 3, L Manhattan Chelsea
84%
3 14th Street/Sixth Avenue F, M, 1, 2, L Manhattan Chelsea
84%
F 14th Street/Sixth Avenue M, 1, 2, 3, L Manhattan Chelsea
84%
L 14th Street/Sixth Avenue F, M, 1, 2, 3 Manhattan Chelsea
84%
M 14th Street/Sixth Avenue F, 1, 2, 3, L Manhattan Chelsea
84%
A 14th Street/Eighth Avenue C, E, L Manhattan Chelsea
81%
C 14th Street/Eighth Avenue A, E, L Manhattan Chelsea
81%
E 14th Street/Eighth Avenue A, C, L Manhattan Chelsea
81%
L 14th Street/Eighth Avenue A, C, E Manhattan Chelsea
81%
7 42nd Street–Bryant Park/Fifth Avenue B, D, F, M, A, C, E Manhattan Midtown
79%
A 42nd Street–Bryant Park/Fifth Avenue B, D, F, M, 7, C, E Manhattan Midtown
79%
B 42nd Street–Bryant Park/Fifth Avenue D, F, M, 7, A, C, E Manhattan Midtown
79%
C 42nd Street–Bryant Park/Fifth Avenue B, D, F, M, 7, A, E Manhattan Midtown
79%
D 42nd Street–Bryant Park/Fifth Avenue B, F, M, 7, A, C, E Manhattan Midtown
79%
E 42nd Street–Bryant Park/Fifth Avenue B, D, F, M, 7, A, C Manhattan Midtown
79%
F 42nd Street–Bryant Park/Fifth Avenue B, D, M, 7, A, C, E Manhattan Midtown
79%
M 42nd Street–Bryant Park/Fifth Avenue B, D, F, 7, A, C, E Manhattan Midtown
79%
4 14th Street–Union Square N, Q, R, W, L, 5, 6 Manhattan Union Square
77%
5 14th Street–Union Square N, Q, R, W, L, 4, 6 Manhattan Union Square
77%
6 14th Street–Union Square N, Q, R, W, L, 4, 5 Manhattan Union Square
77%
L 14th Street–Union Square N, Q, R, W, 4, 5, 6 Manhattan Union Square
77%
N 14th Street–Union Square Q, R, W, L, 4, 5, 6 Manhattan Union Square
77%
Q 14th Street–Union Square N, R, W, L, 4, 5, 6 Manhattan Union Square
77%
R 14th Street–Union Square N, Q, W, L, 4, 5, 6 Manhattan Union Square
77%
W 14th Street–Union Square N, Q, R, L, 4, 5, 6 Manhattan Union Square
77%
1 34th Street–Penn Station 2, 3 Manhattan Midtown
77%
2 34th Street–Penn Station 1, 3 Manhattan Midtown
77%
3 34th Street–Penn Station 1, 2 Manhattan Midtown
77%
A 34th Street–Penn Station C, E Manhattan Midtown
77%
C 34th Street–Penn Station A, E Manhattan Midtown
77%
E 34th Street–Penn Station A, C Manhattan Midtown
77%
N 57th Street–Seventh Avenue Q, R, W Manhattan Midtown
77%
Q 57th Street–Seventh Avenue N, R, W Manhattan Midtown
77%
R 57th Street–Seventh Avenue N, Q, W Manhattan Midtown
77%
W 57th Street–Seventh Avenue N, Q, R Manhattan Midtown
77%
2 Chambers Street–World Trade Center/Park Place/Cortlandt Street A, C, E, 3, R, W Manhattan Financial District
77%
3 Chambers Street–World Trade Center/Park Place/Cortlandt Street A, C, E, 2, R, W Manhattan Financial District
77%
A Chambers Street–World Trade Center/Park Place/Cortlandt Street C, E, 2, 3, R, W Manhattan Financial District
77%
E Chambers Street–World Trade Center/Park Place/Cortlandt Street A, C, 2, 3, R, W Manhattan Financial District
77%
R Chambers Street–World Trade Center/Park Place/Cortlandt Street A, C, E, 2, 3, W Manhattan Financial District
77%
W Chambers Street–World Trade Center/Park Place/Cortlandt Street A, C, E, 2, 3, R Manhattan Financial District
77%
N Fifth Avenue–59th Street R, W Manhattan Midtown
77%
R Fifth Avenue–59th Street N, W Manhattan Midtown
77%
W Fifth Avenue–59th Street N. R Manhattan Midtown
77%
4 Grand Central–42nd Street S, 7, 5, 6 Manhattan Midtown
77%
5 Grand Central–42nd Street S, 7, 4, 6 Manhattan Midtown
77%
6 Grand Central–42nd Street S, 7, 4, 5 Manhattan Midtown
77%
7 Grand Central–42nd Street S, 4, 5, 6 Manhattan Midtown
77%
S Grand Central–42nd Street 7, 4, 5, 6 Manhattan Midtown
77%
Q Times Square–42nd Street S, N, R, W, 1, 2, 3, 7 Manhattan Times Square
77%
R Times Square–42nd Street S, N, Q, W, 1, 2, 3, 7 Manhattan Times Square
77%
1 28th Street Manhattan Chelsea
74%
6 28th Street Manhattan Rose Hill
74%
R 28th Street W Manhattan Midtown
74%
W 28th Street R Manhattan Midtown
74%
1 59th Street–Columbus Circle A, B, C, D Manhattan Midtown
74%
A 59th Street–Columbus Circle B, C, D, 1 Manhattan Midtown
74%
B 59th Street–Columbus Circle A, C, D, 1 Manhattan Midtown
74%
C 59th Street–Columbus Circle A, C, D, 1 Manhattan Midtown
74%
D 59th Street–Columbus Circle A, B, C, 1 Manhattan Midtown
74%
7 Court Square–23rd Street G, E, M Queens Long Island City
74%
E Court Square–23rd Street G, 7, M Queens Long Island City
74%
G Court Square–23rd Street 7, E, M Queens Long Island City
74%
M Court Square–23rd Street G, 7, E Queens Long Island City
74%
4 Lexington Avenue/59th Street N, R, W, 5, 6 Manhattan Midtown
74%
5 Lexington Avenue/59th Street N, R, W, 4, 6 Manhattan Midtown
74%
6 Lexington Avenue/59th Street N, R, W, 4, 5 Manhattan Midtown
74%
N Lexington Avenue/59th Street R, W, 4, 5, 6 Manhattan Midtown
74%
R Lexington Avenue/59th Street N, W, 4, 5, 6 Manhattan Midtown
74%
W Lexington Avenue/59th Street N, R, 4, 5, 6 Manhattan Midtown
74%
F Lexington Avenue–63rd Street Q Manhattan Upper East Side
74%
Q Lexington Avenue–63rd Street F Manhattan Upper East Side
74%
6 Third Avenue–138th Street The Bronx Mott Haven
74%
2 Third Avenue–149th Street 5 The Bronx Mott Haven
74%
5 Third Avenue–149th Street 2 The Bronx Mott Haven
74%
1 116th Street–Columbia University Manhattan Morningside Heights
72%
F 15th Street–Prospect Park G Brooklyn Windsor Terrace
72%
G 15th Street–Prospect Park F Brooklyn Windsor Terrace
72%
B 34th Street–Herald Square D, F, M, N, Q, R, W Manhattan Midtown
72%
D 34th Street–Herald Square B, F, M, N, Q, R, W Manhattan Midtown
72%
F 34th Street–Herald Square B, D, M, N, Q, R, W Manhattan Midtown
72%
M 34th Street–Herald Square B, D, F, N, Q, R, W Manhattan Midtown
72%
N 34th Street–Herald Square B, D, F, M, Q, R, W Manhattan Midtown
72%
Q 34th Street–Herald Square B, D, F, M, N, R, W Manhattan Midtown
72%
R 34th Street–Herald Square B, D, F, M, N, Q, W Manhattan Midtown
72%
W 34th Street–Herald Square B, D, F, M, N, Q, R Manhattan Midtown
72%
1 66th Street–Lincoln Center Manhattan Upper West Side
72%
G Broadway Brooklyn Williamsburg
72%
N Broadway W Queens Astoria
72%
W Broadway N Queens Astoria
72%
6 Broadway–Lafayette Street/Bleecker Street B, D, F, M Manhattan Greenwich Village
72%
B Broadway–Lafayette Street/Bleecker Street D, F, M, 6 Manhattan Greenwich Village
72%
D Broadway–Lafayette Street/Bleecker Street B, F, M, 6 Manhattan Greenwich Village
72%
F Broadway–Lafayette Street/Bleecker Street B, D, M, 6 Manhattan Greenwich Village
72%
M Broadway–Lafayette Street/Bleecker Street B, D, F, 6 Manhattan Greenwich Village
72%
4 Brooklyn Bridge–City Hall/Chambers Street 5, 6, J Manhattan Civic Center
72%
5 Brooklyn Bridge–City Hall/Chambers Street 4, 6, J Manhattan Civic Center
72%
6 Brooklyn Bridge–City Hall/Chambers Street 4, 5, J Manhattan Civic Center
72%
J Brooklyn Bridge–City Hall/Chambers Street 4, 5, 6 Manhattan Civic Center
72%
2 116th Street 3 Manhattan Harlem
70%
3 116th Street 2 Manhattan Harlem
70%
6 116th Street Manhattan East Harlem
70%
B 116th Street C Manhattan Harlem
70%
C 116th Street B Manhattan Harlem
70%
1 125th Street Manhattan Manhattanville
70%
2 125th Street 3 Manhattan Harlem
70%
3 125th Street 2 Manhattan Harlem
70%
4 125th Street 5, 6 Manhattan East Harlem
70%
5 125th Street 4, 6 Manhattan East Harlem
70%
6 125th Street 4, 5 Manhattan East Harlem
70%
A 125th Street B, C, D Manhattan Harlem
70%
B 125th Street A, C, D Manhattan Harlem
70%
C 125th Street A, B, D Manhattan Harlem
70%
D 125th Street A, B, C Manhattan Harlem
70%
2 149th Street–Grand Concourse 4, 5 The Bronx Mott Haven
70%
4 149th Street–Grand Concourse 2, 5 The Bronx Mott Haven
70%
5 149th Street–Grand Concourse 4, 2 The Bronx Mott Haven
70%
1 18th Street Manhattan Chelsea
70%
7 34th Street–Hudson Yards Manhattan Hell's Kitchen
70%
1 72nd Street 2, 3 Manhattan Upper West Side
70%
2 72nd Street 1, 3 Manhattan Upper West Side
70%
3 72nd Street 1, 2 Manhattan Upper West Side
70%
B 72nd Street C Manhattan Upper West Side
70%
C 72nd Street B Manhattan Upper West Side
70%
Q 72nd Street Manhattan Upper East Side
70%
B 81st Street–Museum of Natural History C Manhattan Upper West Side
70%
C 81st Street–Museum of Natural History B Manhattan Upper West Side
70%
7 82nd Street–Jackson Heights Queens Jackson Heights
70%
1 86th Street Manhattan Upper West Side
70%
4 86th Street 5, 6 Manhattan Upper East Side
70%
5 86th Street 4, 6 Manhattan Upper East Side
70%
6 86th Street 4, 5 Manhattan Upper East Side
70%
B 86th Street C Manhattan Upper West Side
70%
C 86th Street B Manhattan Upper West Side
70%
N 86th Street Brooklyn Gravesend
70%
Q 86th Street Manhattan Upper East Side
70%
R 86th Street Brooklyn Bay Ridge
70%
1 96th Street 2, 3 Manhattan Upper West Side
70%
2 96th Street 1, 3 Manhattan Upper West Side
70%
3 96th Street 1, 2 Manhattan Upper West Side
70%
6 96th Street Manhattan East Harlem
70%
B 96th Street C Manhattan Upper West Side
70%
C 96th Street B Manhattan Upper West Side
70%
Q 96th Street Manhattan Upper East Side
70%
1 Cathedral Parkway–110th Street Manhattan Morningside Heights
70%
B Cathedral Parkway–110th Street C Manhattan Upper West Side
70%
C Cathedral Parkway–110th Street B Manhattan Upper West Side
70%
1 Van Cortlandt Park–242nd Street The Bronx Riverdale
70%
4 138th Street–Grand Concourse 5 The Bronx Mott Haven
67%
5 138th Street–Grand Concourse 4 The Bronx Mott Haven
67%
1 23rd Street Manhattan Chelsea
67%
6 23rd Street Manhattan Gramercy
67%
C 23rd Street E Manhattan Chelsea
67%
E 23rd Street C Manhattan Chelsea
67%
F 23rd Street M Manhattan Chelsea
67%
M 23rd Street F Manhattan Chelsea
67%
R 23rd Street W Manhattan Flatiron District
67%
W 23rd Street R Manhattan Flatiron District
67%
N 59th Street R Brooklyn Sunset Park
67%
R 59th Street N Brooklyn Sunset Park
67%
6 68th Street–Hunter College Manhattan Upper East Side
67%
7 90th Street–Elmhurst Avenue Queens Elmhurst
67%
2 Fulton Street A, C, 3, 4, 5, J Manhattan Financial District
67%
3 Fulton Street A, C, 2, 4, 5, J Manhattan Financial District
67%
4 Fulton Street A, C, 2, 3, 5, J Manhattan Financial District
67%
5 Fulton Street A, C, 2, 3, 4, J Manhattan Financial District
67%
A Fulton Street C, 2, 3, 4, 5, J Manhattan Financial District
67%
C Fulton Street A, 2, 3, 4, 5, J Manhattan Financial District
67%
G Fulton Street Brooklyn Fort Greene
67%
J Fulton Street A, C, 2, 3, 4, 5 Manhattan Financial District
67%
F Jamaica–179th Street Queens Jamaica
67%
1 Marble Hill–225th Street Manhattan Marble Hill
67%
L Third Avenue Manhattan East Village
67%
6 110th Street Manhattan East Harlem
65%
2 110th Street–Malcolm X Plaza 3 Manhattan Harlem
65%
3 110th Street–Malcolm X Plaza 2 Manhattan Harlem
65%
4 161st Street–Yankee Stadium D The Bronx Highbridge
65%
D 161st Street–Yankee Stadium 4 The Bronx Highbridge
65%
7 33rd Street–Rawson Street Queens Sunnyside
65%
1 50th Street Manhattan Midtown
65%
C 50th Street E Manhattan Midtown
65%
D 50th Street Brooklyn Borough Park
65%
E 50th Street C Manhattan Midtown
65%
7 61st Street–Woodside Queens Woodside
65%
J 75th Street–Elderts Lane Queens Woodhaven
65%
1 Canal Street Manhattan SoHo
65%
6 Canal Street N, Q, R, W, J Manhattan Chinatown
65%
A Canal Street C, E Manhattan Tribeca
65%
C Canal Street A, E Manhattan Tribeca
65%
E Canal Street A, C Manhattan Tribeca
65%
J Canal Street N, Q, R, W, 6 Manhattan Chinatown
65%
N Canal Street Q, R, W, 6, J Manhattan Chinatown
65%
Q Canal Street N, R, W, 6, J Manhattan Chinatown
65%
R Canal Street N, Q, W, 6, J Manhattan Chinatown
65%
W Canal Street N, Q, R, 6, J Manhattan Chinatown
65%
3 Harlem–148th Street Manhattan Harlem
65%
1 145th Street Manhattan Hamilton Heights
63%
3 145th Street Manhattan Harlem
63%
A 145th Street B, C, D Manhattan Harlem
63%
B 145th Street A, C, D Manhattan Harlem
63%
C 145th Street A, B, D Manhattan Harlem
63%
D 145th Street A, B, C Manhattan Harlem
63%
1 79th Street Manhattan Upper West Side
63%
D 79th Street Brooklyn Bensonhurst
63%
D Coney Island–Stillwell Avenue F, N, Q Brooklyn Coney Island
63%
F Coney Island–Stillwell Avenue F, N, Q Brooklyn Coney Island
63%
N Coney Island–Stillwell Avenue D, F, Q Brooklyn Coney Island
63%
Q Coney Island–Stillwell Avenue D, F, N Brooklyn Coney Island
63%
E Fifth Avenue/53rd Street M Manhattan Midtown
63%
M Fifth Avenue/53rd Street E Manhattan Midtown
63%
A Inwood–207th Street Manhattan Inwood
63%
7 Jackson Heights–Roosevelt Avenue/74th Street E, F, M, R Queens Jackson Heights
63%
E Jackson Heights–Roosevelt Avenue/74th Street 7, F, M, R Queens Jackson Heights
63%
F Jackson Heights–Roosevelt Avenue/74th Street 7, E, M, R Queens Jackson Heights
63%
R Jackson Heights–Roosevelt Avenue/74th Street 7, E, F, M Queens Jackson Heights
63%
6 Lexington Avenue/51st Street E, M Manhattan Midtown
63%
E Lexington Avenue/51st Street 6, M Manhattan Midtown
63%
M Lexington Avenue/51st Street 6, E Manhattan Midtown
63%
2 Wall Street 3 Manhattan Financial District
63%
3 Wall Street 2 Manhattan Financial District
63%
4 Wall Street 5 Manhattan Financial District
63%
5 Wall Street 4 Manhattan Financial District
63%
2 135th Street 3 Manhattan Harlem
60%
3 135th Street 2 Manhattan Harlem
60%
B 135th Street C Manhattan Harlem
60%
C 135th Street B Manhattan Harlem
60%
1 215th Street Manhattan Inwood
60%
1 238th Street The Bronx Kingsbridge
60%
E Jamaica–Van Wyck Queens Kew Gardens
60%
D Norwood–205th Street The Bronx Norwood
60%
B Seventh Avenue D, E Manhattan Midtown
60%
B Seventh Avenue Q Brooklyn Park Slope
60%
D Seventh Avenue B, E Manhattan Midtown
60%
E Seventh Avenue B, D Manhattan Midtown
60%
F Seventh Avenue G Brooklyn Park Slope
60%
G Seventh Avenue F Brooklyn Park Slope
60%
Q Seventh Avenue B Brooklyn Park Slope
60%
A West Fourth Street–Washington Square B, C, D, E, F, M Manhattan Greenwich Village
60%
B West Fourth Street–Washington Square A, C, D, E, F, M Manhattan Greenwich Village
60%
C West Fourth Street–Washington Square A, B, D, E, F, M Manhattan Greenwich Village
60%
D West Fourth Street–Washington Square A, B, C, E, F, M Manhattan Greenwich Village
60%
E West Fourth Street–Washington Square A, B, C, D, F, M Manhattan Greenwich Village
60%
F West Fourth Street–Washington Square A, B, C, D, E, M Manhattan Greenwich Village
60%
M West Fourth Street–Washington Square A, B, C, D, E, F Manhattan Greenwich Village
60%
1 103rd Street Manhattan Upper West Side
58%
6 103rd Street Manhattan East Harlem
58%
B 103rd Street C Manhattan Upper West Side
58%
C 103rd Street B Manhattan Upper West Side
58%
7 103rd Street-Corona Plaza Queens Corona
58%
1 181st Street Manhattan Washington Heights
58%
A 181st Street Manhattan Washington Heights
58%
2 225th Street The Bronx Williamsbridge
58%
F 57th Street Manhattan Midtown
58%
1 231st Street The Bronx Kingsbridge
56%
2 Atlantic Avenue–Barclays Center D, N, R, B, Q, 3, 4, 5 Brooklyn Downtown
56%
3 Atlantic Avenue–Barclays Center D, N, R, B, Q, 2, 4, 5 Brooklyn Downtown
56%
4 Atlantic Avenue–Barclays Center D, N, R, B, Q, 2, 3, 5 Brooklyn Downtown
56%
5 Atlantic Avenue–Barclays Center D, N, R, B, Q, 2, 3, 4 Brooklyn Downtown
56%
B Atlantic Avenue–Barclays Center D, N, R, Q, 2, 3, 4, 5 Brooklyn Downtown
56%
D Atlantic Avenue–Barclays Center N, R, B, Q, 2, 3, 4, 5 Brooklyn Downtown
56%
N Atlantic Avenue–Barclays Center D, R, B, Q, 2, 3, 4, 5 Brooklyn Downtown
56%
Q Atlantic Avenue–Barclays Center D, N, R, B, 2, 3, 4, 5 Brooklyn Downtown
56%
R Atlantic Avenue–Barclays Center D, N, B, Q, 2, 3, 4, 5 Brooklyn Downtown
56%
A Broadway Junction L, C, J Brooklyn East New York
56%
C Broadway Junction L, A, J Brooklyn East New York
56%
J Broadway Junction L, A, C Brooklyn East New York
56%
L Broadway Junction A, C, J Brooklyn East New York
56%
F Second Avenue Manhattan East Village
56%
A 190th Street Manhattan Washington Heights
53%
1 207th Street Manhattan Inwood
53%
1 Chambers Street 2, 3 Manhattan Financial District
53%
2 Chambers Street 1, 3 Manhattan Financial District
53%
3 Chambers Street 1, 2 Manhattan Financial District
53%
C Chambers Street–World Trade Center/Park Place/Cortlandt Street A, E, 2, 3, R, W Manhattan Financial District
53%
3 Crown Heights–Utica Avenue 4 Brooklyn Crown Heights
53%
4 Crown Heights–Utica Avenue 3 Brooklyn Crown Heights
53%
1 Dyckman Street Manhattan Inwood
53%
A Dyckman Street Manhattan Inwood
53%
7 Flushing–Main Street Queens Flushing
53%
1 Houston Street Manhattan Greenwich Village
53%
A Ozone Park–Lefferts Boulevard Queens Richmond Hill
53%
1 South Ferry/Whitehall Street R Manhattan Battery Park
53%
R South Ferry/Whitehall Street W, 1 Manhattan Battery Park
53%
W South Ferry/Whitehall Street R, 1 Manhattan Battery Park
53%
1 137th Street–City College Manhattan Hamilton Heights
51%
C 155th Street Manhattan Washington Heights
51%
D 155th Street Manhattan Harlem
51%
1 168th Street A, C Manhattan Washington Heights
51%
A 168th Street C, 1 Manhattan Washington Heights
51%
C 168th Street A, 1 Manhattan Washington Heights
51%
A 175th Street Manhattan Washington Heights
51%
1 191st Street Manhattan Washington Heights
51%
1 Christopher Street–Stonewall Manhattan Greenwich Village
51%
L First Avenue Manhattan East Village
51%
A Howard Beach–JFK Airport Queens Howard Beach
51%
F Roosevelt Island Manhattan Roosevelt Island
51%
2 Wakefield–241st Street The Bronx Wakefield
51%
G 21st Street Queens Long Island City
49%
6 33rd Street Manhattan Murray Hill
49%
N 49th Street R, W Manhattan Midtown
49%
R 49th Street N, W Manhattan Midtown
49%
W 49th Street N, R Manhattan Midtown
49%
J 85th Street–Forest Parkway Queens Woodhaven
49%
L Atlantic Avenue Brooklyn East New York
49%
F Avenue U Brooklyn Gravesend
49%
N Avenue U Brooklyn Gravesend
49%
Q Avenue U Brooklyn Homecrest
49%
R Bay Ridge–95th Street Brooklyn Bay Ridge
49%
B Brighton Beach Q Brooklyn Brighton Beach
49%
Q Brighton Beach B Brooklyn Brighton Beach
49%
S Park Place Brooklyn Crown Heights
49%
1 157th Street Manhattan Washington Heights
47%
7 40th Street–Lowery Street Queens Sunnyside
47%
R 53rd Street Brooklyn Sunset Park
47%
7 69th Street Queens Woodside
47%
B DeKalb Avenue Q, R Brooklyn Downtown
47%
L DeKalb Avenue Brooklyn Bushwick
47%
Q DeKalb Avenue B, R Brooklyn Downtown
47%
R DeKalb Avenue B, Q Brooklyn Downtown
47%
A Far Rockaway–Mott Avenue Queens Far Rockaway
47%
2 Flatbush Avenue–Brooklyn College 5 Brooklyn Flatbush
47%
5 Flatbush Avenue–Brooklyn College 2 Brooklyn Flatbush
47%
F Forest Hills–71st Avenue E, M, R Queens Forest Hills
47%
M Forest Hills–71st Avenue E, F, R Queens Forest Hills
47%
R Forest Hills–71st Avenue E, F, M Queens Forest Hills
47%
F Fourth Avenue/Ninth Street R, G Brooklyn Park Slope
47%
G Fourth Avenue/Ninth Street R, F Brooklyn Park Slope
47%
R Fourth Avenue/Ninth Street F, G Brooklyn Park Slope
47%
7 Mets–Willets Point Queens Willets Point
47%
M Middle Village–Metropolitan Avenue Queens Middle Village
47%
1 Rector Street Manhattan Financial District
47%
R Rector Street W Manhattan Financial District
47%
W Rector Street R Manhattan Financial District
47%
E Sutphin Boulevard–Archer Avenue–JFK Airport J Queens Jamaica
47%
J Sutphin Boulevard–Archer Avenue–JFK Airport E Queens Jamaica
47%
C 163rd Street–Amsterdam Avenue Manhattan Washington Heights
44%
4 167th Street The Bronx Highbridge
44%
D 167th Street The Bronx Highbridge
44%
2 174th Street 5 The Bronx Crotona Park East
44%
5 174th Street 2 The Bronx Crotona Park East
44%
7 46th Street–Bliss Street Queens Sunnyside
44%
B 47th–50th Streets–Rockefeller Center D, F, M Manhattan Midtown
44%
7 52nd Street Queens Woodside
44%
M 65th Street R Queens Woodside
44%
R 65th Street M Queens Woodside
44%
6 77th Street Manhattan Upper East Side
44%
R 77th Street Brooklyn Bay Ridge
44%
S Broad Channel A Queens Broad Channel
44%
A Broad Channel S Queens Broad Channel
44%
L Canarsie–Rockaway Parkway Brooklyn Canarsie
44%
2 Church Avenue 5 Brooklyn East Flatbush
44%
5 Church Avenue 2 Brooklyn East Flatbush
44%
B Church Avenue Q Brooklyn Flatbush
44%
F Church Avenue G Brooklyn Kensington
44%
G Church Avenue F Brooklyn Kensington
44%
Q Church Avenue B Brooklyn Flatbush
44%
R City Hall W Manhattan Civic Center
44%
W City Hall R Manhattan Civic Center
44%
5 Eastchester–Dyre Avenue The Bronx Eastchester
44%
R Eighth Street–New York University W Manhattan Greenwich Village
44%
W Eighth Street–New York University R Manhattan Greenwich Village
44%
E Forest Hills–71st Avenue F, M, R Queens Forest Hills
44%
J Myrtle Avenue M Brooklyn Bedford–Stuyvesant
44%
M Myrtle Avenue J Brooklyn Bedford–Stuyvesant
44%
2 Pelham Parkway The Bronx Pelham Parkway
44%
5 Pelham Parkway The Bronx Pelham Gardens
44%
S Prospect Park B, Q Brooklyn Flatbush
44%
B Prospect Park Q, S Brooklyn Flatbush
44%
Q Prospect Park B, S Brooklyn Flatbush
44%
A 104th Street Queens Ozone Park
42%
J 104th Street Queens Richmond Hill
42%
4 170th Street The Bronx Highbridge
42%
D 170th Street The Bronx Highbridge
42%
4 183rd Street The Bronx University Heights
42%
M 46th Street R Queens Astoria
42%
R 46th Street M Queens Astoria
42%
D 47th–50th Streets–Rockefeller Center B, F, M Manhattan Midtown
42%
F 47th–50th Streets–Rockefeller Center B, D, M Manhattan Midtown
42%
M 47th–50th Streets–Rockefeller Center B, D, F Manhattan Midtown
42%
Q Avenue H Brooklyn Midwood
42%
Q Avenue J Brooklyn Midwood
42%
Q Avenue M Brooklyn Midwood
42%
F Avenue P Brooklyn Midwood
42%
2 Borough Hall/Court Street R, 3, 4, 5 Brooklyn Downtown
42%
3 Borough Hall/Court Street R, 2, 4, 5 Brooklyn Downtown
42%
4 Borough Hall/Court Street R, 2, 3, 5 Brooklyn Downtown
42%
5 Borough Hall/Court Street R, 2, 3, 4 Brooklyn Downtown
42%
R Borough Hall/Court Street 2, 3, 4, 5 Brooklyn Downtown
42%
F Delancey Street/Essex Street J, M Manhattan Lower East Side
42%
J Delancey Street/Essex Street F, M Manhattan Lower East Side
42%
M Delancey Street/Essex Street F, J Manhattan Lower East Side
42%
4 Fordham Road The Bronx University Heights
42%
D Fordham Road The Bronx Fordham
42%
S Franklin Avenue C Brooklyn Bedford–Stuyvesant
42%
C Franklin Avenue Franklin Shuttle Brooklyn Bedford–Stuyvesant
42%
2 Franklin Avenue/Botanic Garden 3, 4, 5, S Brooklyn Crown Heights
42%
3 Franklin Avenue/Botanic Garden 2, 4, 5, S Brooklyn Crown Heights
42%
4 Franklin Avenue/Botanic Garden 2, 3, 5, S Brooklyn Crown Heights
42%
5 Franklin Avenue/Botanic Garden 2, 3, 4, S Brooklyn Crown Heights
42%
S Franklin Avenue/Botanic Garden 2, 3, 4, 5 Brooklyn Crown Heights
42%
M Jackson Heights–Roosevelt Avenue/74th Street 7, E, F, R Queens Jackson Heights
42%
E Jamaica Center–Parsons/Archer J Queens Jamaica
42%
J Jamaica Center–Parsons/Archer E Queens Jamaica
42%
6 Pelham Bay Park The Bronx Pelham Bay
42%
7 111th Street Queens Corona
40%
A 111th Street Queens Richmond Hill
40%
J 111th Street Queens Richmond Hill
40%
2 219th Street The Bronx Williamsbridge
40%
D 36th Street N, R Brooklyn Sunset Park
40%
M 36th Street R Queens Long Island City
40%
N 36th Street D, R Brooklyn Sunset Park
40%
R 36th Street M Queens Long Island City
40%
R 36th Street D, N Brooklyn Sunset Park
40%
D 55th Street Brooklyn Borough Park
40%
D 62nd Street/New Utrecht Avenue N Brooklyn Borough Park
40%
N 62nd Street/New Utrecht Avenue D Brooklyn Borough Park
40%
A 88th Street Queens Ozone Park
40%
F Avenue X Brooklyn Gravesend
40%
N Eighth Avenue Brooklyn Sunset Park
40%
2 Hoyt Street 3 Brooklyn Downtown
40%
3 Hoyt Street 2 Brooklyn Downtown
40%
A Jay Street–MetroTech R, C, F Brooklyn Downtown
40%
C Jay Street–MetroTech R, A, F Brooklyn Downtown
40%
F Jay Street–MetroTech R, A, C Brooklyn Downtown
40%
R Jay Street–MetroTech A, C, F Brooklyn Downtown
40%
7 Vernon Boulevard–Jackson Avenue Queens Long Island City
40%
F 169th Street Queens Jamaica
37%
2 233rd Street The Bronx Wakefield
37%
R 45th Street Brooklyn Sunset Park
37%
A 80th Street Queens Ozone Park
37%
F Avenue N Brooklyn Bensonhurst
37%
J Bowery Manhattan Lower East Side
37%
4 Bowling Green 5 Manhattan Financial District
37%
5 Bowling Green 4 Manhattan Financial District
37%
J Broad Street Manhattan Financial District
37%
L Bushwick Avenue–Aberdeen Street Brooklyn Bushwick
37%
2 Gun Hill Road The Bronx Williamsbridge
37%
5 Gun Hill Road The Bronx Baychester
37%
J Marcy Avenue M Brooklyn Williamsburg
37%
M Marcy Avenue J Brooklyn Williamsburg
37%
G Metropolitan Avenue/Lorimer Street L Brooklyn Williamsburg
37%
L Metropolitan Avenue/Lorimer Street G Brooklyn Williamsburg
37%
7 Queensboro Plaza N, W Queens Long Island City
37%
N Queensboro Plaza 7, W Queens Long Island City
37%
W Queensboro Plaza 7, N Queens Long Island City
37%
J 121st Street Queens Richmond Hill
35%
4 176th Street The Bronx Morris Heights
35%
2 Allerton Avenue The Bronx Allerton
35%
L Bedford Avenue Brooklyn Williamsburg
35%
D Bedford Park Boulevard The Bronx Bedford Park
35%
4 Bedford Park Boulevard–Lehman College The Bronx Bedford Park
35%
A High Street C Brooklyn Brooklyn Heights
35%
C High Street A Brooklyn Brooklyn Heights
35%
2 Jackson Avenue 5 The Bronx Melrose
35%
5 Jackson Avenue 2 The Bronx Melrose
35%
E Kew Gardens–Union Turnpike F Queens Kew Gardens
35%
4 Mosholu Parkway The Bronx Bedford Park
35%
R Prince Street W Manhattan SoHo
35%
W Prince Street R Manhattan SoHo
35%
E Queens Plaza M, R Queens Long Island City
35%
M Queens Plaza E, R Queens Long Island City
35%
R Queens Plaza E, M Queens Long Island City
35%
B Sheepshead Bay Q Brooklyn Sheepshead Bay
35%
Q Sheepshead Bay B Brooklyn Sheepshead Bay
35%
2 Simpson Street 5 The Bronx Longwood
35%
5 Simpson Street 2 The Bronx Longwood
35%
6 Spring Street Manhattan Little Italy
35%
C Spring Street E Manhattan Hudson Square
35%
E Spring Street C Manhattan Hudson Square
35%
D Tremont Avenue The Bronx Tremont
35%
A Utica Avenue C Brooklyn Bedford–Stuyvesant
35%
C Utica Avenue A Brooklyn Bedford–Stuyvesant
35%
R 25th Street Brooklyn Greenwood Heights
33%
M 63rd Drive–Rego Park R Queens Rego Park
33%
R 63rd Drive–Rego Park M Queens Rego Park
33%
D 71st Street Brooklyn Bensonhurst
33%
6 Astor Place Manhattan East Village
33%
2 Clark Street 3 Brooklyn Brooklyn Heights
33%
3 Clark Street 2 Brooklyn Brooklyn Heights
33%
2 Eastern Parkway–Brooklyn Museum 3 Brooklyn Prospect Heights
33%
3 Eastern Parkway–Brooklyn Museum 2 Brooklyn Prospect Heights
33%
2 Grand Army Plaza 3 Brooklyn Park Slope
33%
3 Grand Army Plaza 2 Brooklyn Park Slope
33%
2 Nereid Avenue The Bronx Wakefield
33%
3 New Lots Avenue Brooklyn East New York
33%
L New Lots Avenue Brooklyn Brownsville
33%
2 President Street–Medgar Evers College 5 Brooklyn Crown Heights
33%
5 President Street–Medgar Evers College 2 Brooklyn Crown Heights
33%
S Rockaway Park–Beach 116th Street Queens Rockaway Park
33%
J Woodhaven Boulevard Queens Woodhaven
33%
M Woodhaven Boulevard R Queens Elmhurst
33%
R Woodhaven Boulevard M Queens Elmhurst
33%
F Avenue I Brooklyn Midwood
30%
2 Bronx Park East The Bronx Van Nest
30%
M Elmhurst Avenue R Queens Elmhurst
30%
R Elmhurst Avenue M Queens Elmhurst
30%
A Euclid Avenue C Brooklyn East New York
30%
C Euclid Avenue A Brooklyn East New York
30%
B Grand Street D Manhattan Chinatown
30%
D Grand Street B Manhattan Chinatown
30%
L Grand Street Brooklyn Williamsburg
30%
G Greenpoint Avenue Brooklyn Greenpoint
30%
6 Hunts Point Avenue The Bronx Longwood
30%
2 Intervale Avenue 5 The Bronx Longwood
30%
5 Intervale Avenue 2 The Bronx Longwood
30%
4 Kingsbridge Road The Bronx Kingsbridge Heights
30%
D Kingsbridge Road The Bronx Fordham
30%
D Ninth Avenue Brooklyn Sunset Park
30%
3 Nostrand Avenue Brooklyn Crown Heights
30%
A Nostrand Avenue C Brooklyn Bedford–Stuyvesant
30%
C Nostrand Avenue A Brooklyn Bedford–Stuyvesant
30%
6 Parkchester The Bronx Parkchester
30%
2 Prospect Avenue 5 The Bronx Longwood
30%
5 Prospect Avenue 2 The Bronx Longwood
30%
R Prospect Avenue Brooklyn Gowanus
30%
2 West Farms Square–East Tremont Avenue 5 The Bronx West Farms
30%
5 West Farms Square–East Tremont Avenue 2 The Bronx West Farms
30%
4 Woodlawn The Bronx Norwood
30%
D 18th Avenue Brooklyn Bensonhurst
28%
F 18th Avenue Brooklyn Borough Park
28%
N 18th Avenue Brooklyn Bensonhurst
28%
N 30th Avenue W Queens Astoria
28%
W 30th Avenue N Queens Astoria
28%
N 36th Avenue W Queens Astoria
28%
W 36th Avenue N Queens Astoria
28%
N Astoria Boulevard W Queens Astoria
28%
W Astoria Boulevard N Queens Astoria
28%
2 Bergen Street 3 Brooklyn Park Slope
28%
3 Bergen Street 2 Brooklyn Park Slope
28%
F Bergen Street G Brooklyn Boerum Hill
28%
G Bergen Street F Brooklyn Boerum Hill
28%
F East Broadway Manhattan Lower East Side
28%
M Grand Avenue–Newtown R Queens Elmhurst
28%
R Grand Avenue–Newtown M Queens Elmhurst
28%
J Halsey Street Brooklyn Bedford–Stuyvesant
28%
L Halsey Street Queens Ridgewood
28%
B Kings Highway Q Brooklyn Midwood
28%
F Kings Highway Brooklyn Gravesend
28%
N Kings Highway Brooklyn Gravesend
28%
Q Kings Highway B Brooklyn Midwood
28%
J Lorimer Street M Brooklyn Williamsburg
28%
M Lorimer Street J Brooklyn Williamsburg
28%
6 Morrison Avenue–Soundview The Bronx Soundview
28%
5 Morris Park The Bronx Morris Park
28%
2 Nevins Street 3, 4, 5 Brooklyn Downtown
28%
3 Nevins Street 2, 4, 5 Brooklyn Downtown
28%
4 Nevins Street 2, 3, 5 Brooklyn Downtown
28%
5 Nevins Street 2, 3, 4 Brooklyn Downtown
28%
2 Newkirk Avenue–Little Haiti 5 Brooklyn Flatbush
28%
5 Newkirk Avenue–Little Haiti 2 Brooklyn Flatbush
28%
L Sutter Avenue Brooklyn Brownsville
28%
3 Sutter Avenue–Rutland Road Brooklyn East Flatbush
28%
2 Beverly Road 5 Brooklyn East Flatbush
26%
5 Beverly Road 2 Brooklyn East Flatbush
26%
4 Burnside Avenue The Bronx Morris Heights
26%
2 East 180th Street 5 The Bronx Van Nest
26%
5 East 180th Street 2 The Bronx Van Nest
26%
G Flushing Avenue Brooklyn Bedford–Stuyvesant
26%
J Flushing Avenue M Brooklyn Williamsburg
26%
M Flushing Avenue J Brooklyn Williamsburg
26%
J Gates Avenue Brooklyn Bedford–Stuyvesant
26%
7 Hunters Point Avenue Queens Long Island City
26%
L Jefferson Street Brooklyn Bushwick
26%
M Knickerbocker Avenue Brooklyn Bushwick
26%
G Nassau Avenue Brooklyn Greenpoint
26%
3 Pennsylvania Avenue Brooklyn East New York
26%
F Sutphin Boulevard Queens Jamaica
26%
D 25th Avenue Brooklyn Bensonhurst
23%
N 39th Avenue W Queens Long Island City
23%
W 39th Avenue N Queens Long Island City
23%
M 67th Avenue R Queens Forest Hills
23%
R 67th Avenue M Queens Forest Hills
23%
J Alabama Avenue Brooklyn East New York
23%
A Aqueduct–North Conduit Avenue Queens Ozone Park
23%
5 Baychester Avenue The Bronx Eastchester
23%
F Briarwood Queens Briarwood
23%
2 Burke Avenue The Bronx Allerton
23%
F Carroll Street G Brooklyn Carroll Gardens
23%
G Carroll Street F Brooklyn Carroll Gardens
23%
1 Franklin Street Manhattan Tribeca
23%
2 Freeman Street 5 The Bronx Crotona Park East
23%
5 Freeman Street 2 The Bronx Crotona Park East
23%
J Hewes Street M Brooklyn Williamsburg
23%
M Hewes Street J Brooklyn Williamsburg
23%
L Livonia Avenue Brooklyn Brownsville
23%
Q Ocean Parkway Brooklyn Brighton Beach
23%
A Rockaway Boulevard Queens Ozone Park
23%
M Steinway Street R Queens Astoria
23%
R Steinway Street M Queens Astoria
23%
R Union Street Brooklyn Park Slope
23%
6 Westchester Square–East Tremont Avenue The Bronx Westchester Square
23%
F West Eighth Street–New York Aquarium Q Brooklyn Coney Island
23%
Q West Eighth Street–New York Aquarium F Brooklyn Coney Island
23%
L Wilson Avenue Brooklyn Bushwick
23%
1 WTC Cortlandt Manhattan Financial District
23%
D 20th Avenue Brooklyn Bensonhurst
21%
N 20th Avenue Brooklyn Bensonhurst
21%
F 75th Avenue Queens Forest Hills
21%
D Bay Parkway Brooklyn Bensonhurst
21%
F Bay Parkway Brooklyn Midwood
21%
N Bay Parkway Brooklyn Bensonhurst
21%
A Beach 36th Street Queens Edgemere
21%
Q Beverley Road Brooklyn Flatbush
21%
M Central Avenue Brooklyn Bushwick
21%
J Cypress Hills Brooklyn East New York
21%
F Ditmas Avenue Brooklyn Kensington
21%
A Grant Avenue Brooklyn East New York
21%
3 Junius Street Brooklyn Brownsville
21%
C Lafayette Avenue Brooklyn Fort Greene
21%
6 Longwood Avenue The Bronx Longwood
21%
L Montrose Avenue Brooklyn East Williamsburg
21%
L Morgan Avenue Brooklyn East Williamsburg
21%
L Myrtle–Wyckoff Avenues M Brooklyn Bushwick
21%
M Myrtle–Wyckoff Avenues L Brooklyn Bushwick
21%
B Newkirk Plaza 1 Brooklyn Ditmas Park
21%
Q Newkirk Plaza B Brooklyn Ditmas Park
21%
3 Rockaway Avenue Brooklyn Brownsville
21%
C Rockaway Avenue Brooklyn Bedford–Stuyvesant
21%
3 Van Siclen Avenue Brooklyn East New York
21%
C Van Siclen Avenue Brooklyn East New York
21%
J Van Siclen Avenue Brooklyn East New York
21%
2 Winthrop Street 5 Brooklyn Prospect Lefferts Gardens
21%
5 Winthrop Street 2 Brooklyn Prospect Lefferts Gardens
21%
F York Street Brooklyn Dumbo
21%
F 21st Street–Queensbridge Queens Long Island City
19%
N Astoria–Ditmars Boulevard W Queens Astoria
19%
W Astoria–Ditmars Boulevard N Queens Astoria
19%
R Bay Ridge Avenue Brooklyn Bay Ridge
19%
S Beach 105th Street Queens Rockaway Park
19%
A Beach 25th Street Queens Bayswater
19%
A Beach 60th Street Queens Arverne
19%
A Beach 67th Street Queens Arverne
19%
S Beach 90th Street Queens Rockaway Beach
19%
S Beach 98th Street Queens Rockaway Beach
19%
G Bedford–Nostrand Avenues Brooklyn Bedford–Stuyvesant
19%
6 Castle Hill Avenue The Bronx Castle Hill
19%
J Chauncey Street Brooklyn Bedford–Stuyvesant
19%
G Classon Avenue Brooklyn Bedford–Stuyvesant
19%
C Clinton–Washington Avenues Brooklyn Clinton Hill
19%
G Clinton–Washington Avenues Brooklyn Clinton Hill
19%
L East 105th Street Brooklyn Canarsie
19%
D Fort Hamilton Parkway Brooklyn Borough Park
19%
F Fort Hamilton Parkway G Brooklyn Windsor Terrace
19%
G Fort Hamilton Parkway F Brooklyn Windsor Terrace
19%
N Fort Hamilton Parkway Brooklyn Borough Park
19%
M Fresh Pond Road Queens Ridgewood
19%
L Graham Avenue Brooklyn Williamsburg
19%
A Hoyt–Schermerhorn Streets C, G Brooklyn Downtown
19%
C Hoyt–Schermerhorn Streets A, G Brooklyn Downtown
19%
G Hoyt–Schermerhorn Streets A, C Brooklyn Downtown
19%
7 Junction Boulevard Queens Corona
19%
6 Middletown Road The Bronx Pelham Bay
19%
Q Parkside Avenue Brooklyn Prospect Lefferts Gardens
19%
F Parsons Boulevard Queens Jamaica
19%
C Ralph Avenue Brooklyn Bedford–Stuyvesant
19%
3 Saratoga Avenue Brooklyn Brownsville
19%
M Seneca Avenue Queens Ridgewood
19%
6 Zerega Avenue The Bronx Westchester Square
19%
D 174th–175th Streets The Bronx Tremont
16%
D 182nd–183rd Streets The Bronx Fordham
16%
A Aqueduct Racetrack Queens Ozone Park
16%
A Beach 44th Street Queens Edgemere
16%
Q Cortelyou Road Brooklyn Flatbush
16%
J Crescent Street Brooklyn East New York
16%
M Forest Avenue Queens Ridgewood
16%
C Kingston–Throop Avenues Brooklyn Bedford–Stuyvesant
16%
J Kosciuszko Street Brooklyn Bedford–Stuyvesant
16%
G Myrtle–Willoughby Avenues Brooklyn Bedford–Stuyvesant
16%
Q Neck Road Brooklyn Homecrest
16%
M Northern Boulevard R Queens Woodside
16%
R Northern Boulevard M Queens Woodside
16%
F Smith–Ninth Streets G Brooklyn Gowanus
16%
G Smith–Ninth Streets F Brooklyn Gowanus
16%
2 Sterling Street 5 Brooklyn Prospect Lefferts Gardens
16%
5 Sterling Street 2 Brooklyn Prospect Lefferts Gardens
16%
6 Buhre Avenue The Bronx Pelham Bay
14%
6 Cypress Avenue The Bronx Mott Haven
14%
6 East 143rd Street–St. Mary's Street The Bronx Mott Haven
14%
6 Elder Avenue The Bronx Soundview
14%
F Kew Gardens–Union Turnpike E Queens Kew Gardens
14%
3 Kingston Avenue Brooklyn Crown Heights
14%
4 Mount Eden Avenue The Bronx Highbridge
14%
F Neptune Avenue Brooklyn Coney Island
14%
D Bay 50th Street Brooklyn Gravesend
12%
6 Brook Avenue The Bronx Mott Haven
12%
J Cleveland Street Brooklyn East New York
12%
C Liberty Avenue Brooklyn East New York
12%
J Norwood Avenue Brooklyn Cypress Hills
12%
6 Whitlock Avenue The Bronx Foxhurst
12%
6 East 149th Street The Bronx Longwood
9%
C Shepherd Avenue Brooklyn East New York
9%
6 St. Lawrence Avenue The Bronx Parkchester
7%
No matching quizzes found
Score Distribution
Percent of People with Each Score
Percentile by Number Answered
Your Score History
You have not taken this quiz since the last reset